Γλώσσα / Κείμενο, Ποικιλία, Σύστημα (Record no. 3149)
[ view plain ]
| 000 -LEADER | |
|---|---|
| fixed length control field | 01403cam a22001934a 4500 |
| 005 - ΗΜΕΡΟΜΗΝΙΑ ΚΑΙ ΩΡΑ ΤΕΛΕΥΤΑΙΑΣ ΕΝΗΜΕΡΩΣΗΣ | |
| Πεδίο ελέγχου | 20250605164106.0 |
| 008 - FIXED-LENGTH DATA ELEMENTS--GENERAL INFORMATION | |
| Πεδίο ελέγχου σταθερού μήκους | 250528s ||||||||||||||||||||||||d |
| 035 ## - SYSTEM CONTROL NUMBER | |
| System control number | 17748 |
| 020 ## - ISBN | |
| ISBN | 9789602187708 |
| 040 ## - ΠΗΓΗ ΚΑΤΑΛΟΓΟΓΡΑΦΗΣΗΣ | |
| Φορέας πρωτότυπης καταλογογράφησης | MC Athens Campus Library |
| Γλώσσα καταλογογράφησης | Ελληνικά, Μοντέρνα (1453-) |
| Modifying agency | MC Athens Campus Library |
| Κανόνες περιγραφικής καταλογογράφησης | AACR2 |
| 245 1# - ΤΙΤΛΟΣ ΚΑΙ ΔΗΛΩΣΗ ΥΠΕΥΘΥΝΟΤΗΤΑΣ | |
| Τίτλος | Γλώσσα / Κείμενο, Ποικιλία, Σύστημα |
| 260 ## - PUBLICATION, DISTRIBUTION, ETC. | |
| Name of publisher, distributor, etc. | Κριτική, |
| Date of publication, distribution, etc. | 2012 |
| 300 ## - PHYSICAL DESCRIPTION | |
| Extent | 416 |
| 520 ## - SUMMARY, ETC. | |
| Summary, etc. | Το βιβλίο αυτό φιλοδοξεί να αποτελέσει μια πρωτότυπη εισαγωγή στη μελέτη της γλώσσας, επιχειρώντας να προσανατολίσει τον αμύητο αναγνώστη στους κλάδους της σύγχρονης γλωσσολογίας. Πρόλογος, Βασικές Ιδιότητες και Χαρακτηριστικά της Ανθρώπινης Γλώσσας, Η Γλώσσα ως Πράξη, Η Γλώσσα ως Κείμενο, Η Γλώσσα ως Ποικιλία, Η Γλώσσα ως Σύστημα, Γραμματική Ανάλυση, Γλώσσα και Σημασία, Η Πραγμάτωση της Γλώσσας, Η Εξέλιξη της Γλώσσας, Ο Ρόλος της Γλωσσολογίας, Βιβλιογραφία, Γλωσσάρι Βασικών Εννοιών. |
| 700 1# - ΠΡΟΣΘΕΤΗ ΑΝΑΓΡΑΦΗ--ΦΥΣΙΚΟ ΠΡΟΣΩΠΟ | |
| Personal name | Γούτσος Διονύσης |
| 9 (RLIN) | 3951 |
| 942 ## - ADDED ENTRY ELEMENTS (KOHA) | |
| Koha item type | Books |
| Τύπος τεκμηρίου | Βιβλιοθήκη | Τρέχουσα τοποθεσία | Barcode | Αριθμός εισαγωγής | Ημερομηνία απόκτησης | Ταξιθετικό σύμβολο | Αριθμός αντιτύπου | Κατάσταση απόσυρσης | Κατάσταση χαμένου | Κατάσταση κατεστραμμένου | Μη δανεισμός | Σύνολο δανεισμών | Ημερομηνία τελευταίας εμφάνισης | Η τιμή ισχύει από |
|---|---|---|---|---|---|---|---|---|---|---|---|---|---|---|
| Books | MC Athens Campus Library | MC Athens Campus Library | 9780000031488 | 7109 | 05/06/2025 | 401.41 GOU | 1 | 05/06/2025 | 05/06/2025 |